000 00292nam a2200121 a 4500
008 101025s1978|||| d
100 1 _aLowry, Malcolm
245 1 0 _aNa úpätí sopky
044 _axo
_cSK
041 _aslo
260 _bSlovenský spisovateľ
_aBratislava
_c1978
020 _c26
999 _c12116
_d12116